Ciencias Sociales en América Latina y el Caribe /

Guardado en:
書目詳細資料
Autores Corporativos: CLACSO, ASDI
格式: Texto
出版: Buenos Aires: CENEDIC. CLACSO
標簽: 添加標簽
沒有標簽, 成為第一個標記此記錄!

MARC

LEADER 00000 a a2200000 04500
001 29864
003
040 |a CRAI/IIS  |c CRAI/IIS 
090 |a 194107  |b RECURSO ELECTRONICO  
110 |a CLACSO  
245 |a Ciencias Sociales en América Latina y el Caribe /  |c CLACSO  
260 |a Buenos Aires:   |b CENEDIC. CLACSO  
500 |a Debe ser instalado  
710 |a ASDI  
999 |c 3260  |d 3260